| 000 | 00682nam a2200217 i 4500 | ||
|---|---|---|---|
| 001 | bg | ||
| 100 | 1 | _aKOZŁOWSKI, Stefan | |
| 245 | 1 | 0 |
_aW drodze do ekorozwoju / _cStefan Kozłowski. |
| 260 |
_aWarszawa : _bWydaw. Naukowe PWN, _c1997. |
||
| 300 |
_a286, [1] s. : _bmapy, rys. ; _c24 cm. |
||
| 504 | _aBibliogr. s. 275-283. | ||
| 650 | 9 |
_aŚrodowisko człowieka _xhigiena i ochrona _xpolityka _yod 1989 r. |
|
| 650 | 9 |
_aŚrodowisko człowieka _xhigiena i ochrona _xpolityka _zPolska _yod 1989 r. |
|
| 020 | _a8301123761 | ||
| 040 | _cBPK | ||
| 041 | 0 | _apl | |
| 080 | _a504(438)"1989/..." | ||
| 920 | _a83-01-12376-1 | ||
| 942 | _cKS | ||
| 008 | s pl f |000 0 pol | ||
| 999 |
_c32699 _d32699 |
||
| 856 |
_uhttp://koha.tu.koszalin.pl/cgi-bin/koha/opac-detail.pl?biblionumber=32699 _yKatalog online BPK |
||